Normal view
MARC view
- Montoya, Rome Sherriff G.
Entry Personal Name
001 - CONTROL NUMBER
- control field: 31477
003 - CONTROL NUMBER IDENTIFIER
- control field: OSt
005 - DATE AND TIME OF LATEST TRANSACTION
- control field: 20180921104211.0
008 - FIXED-LENGTH DATA ELEMENTS
- fixed length control field: 180921|| aca||aabn | a|a d
040 ## - CATALOGING SOURCE
- Original cataloging agency: OSt
- Transcribing agency: OSt
100 ## - HEADING--PERSONAL NAME
- Personal name: Montoya, Rome Sherriff G.
670 ## - SOURCE DATA FOUND
- Source citation: Work cat.: (OSt): Montoya, Rome Sherriff G., Strategic production and operations management/, 2017.
